00645cam a22001813a 450000100060000000300060000600500170001200800410002904000150007004200070008510000270009224501940011926000290031350600300034251600200037283000290039285600420042144415PGUSA20140828084020.0131212s2013||||xxu|||||s|||||000 | eng d aPGUSAbeng adc1 aHuntington, George. S.10aRobber and hero; the story of the raid on the First National Bank of :bNorthfield, Minnesota, by the James-Younger band of robbers, in 1876.h[electronic resource] /cGeorge. S. Huntington bProject Gutenberg,c2013 aPublic domain in the USA. aElectronic text 0aProject Gutenbergv4441540uhttp://www.gutenberg.org/ebooks/44415